[Event "Europa ch Femenino 2013"]
[Site "Belgrado SER"]
[Date "2013.07.31"]
[Round "8.40"]
[White "Arakhamia-Grant, Ketevan"]
[Black "Stetsko, Lanita"]
[Result "1-0"]
[WhiteElo "2385"]
[BlackElo "2209"]
[PlyCount "127"]
[EventDate "2013.07.23"]
[EventType "swiss"]
[EventRounds "11"]
[EventCountry "SER"]
[Source "lmi"]
[SourceDate "2013.07.22"]

1. e4 e5 2. Nf3 Nc6 3. Bc4 Bc5 4. O-O Nf6 5. d3 d6 6. c3 a6 7. Bb3 Ba7 8. h3
O-O 9. Re1 h6 10. Nbd2 Re8 11. Nf1 Be6 12. Be3 d5 13. Bxa7 Rxa7 14. exd5 Bxd5
15. Bxd5 Qxd5 16. Ne3 Qb5 17. Qc2 Raa8 18. a4 Qb6 19. b4 Qa7 20. Nc4 Nd7 21.
Qb2 Qb8 22. b5 axb5 23. Qxb5 Qc8 24. a5 Na7 25. Qb1 Nc6 26. Qb5 Na7 27. Qb1 Nc6
28. Re3 b6 29. axb6 Rxa1 30. Qxa1 cxb6 31. Nd6 Qa8 32. Qb1 Re6 33. Nb5 Qa5 34.
Re2 Qa4 35. d4 Qc4 36. Ra2 Na5 37. dxe5 Nxe5 38. Nfd4 Rg6 39. Re2 Nd3 40. Re8+
Kh7 41. h4 Qd5 42. g3 Nf4 43. Qe4 Qxe4 44. Rxe4 Nd3 45. Re3 Nc5 46. Re7 Rf6 47.
Nc7 Nc6 48. Nxc6 Rxc6 49. Rxf7 Kg6 50. Re7 Na4 51. Ne8 Nxc3 52. g4 Kh7 53.
Rxg7+ Kh8 54. Rb7 Ne4 55. Kg2 Nd6 56. Nxd6 Rxd6 57. Kg3 Rd3+ 58. Kf4 Rd2 59. f3
Rd4+ 60. Kf5 Rd5+ 61. Ke6 Rd3 62. f4 Rh3 63. h5 Rg3 64. Kf5 1-0

[Event "Europa ch Femenino 2013"]
[Site "Belgrado SER"]
[Date "2013.07.31"]
[Round "8.41"]
[White "Shadrina, Tatiana"]
[Black "Abdulla, Khayala"]
[Result "1-0"]
[WhiteElo "2377"]
[BlackElo "2241"]
[PlyCount "115"]
[EventDate "2013.07.23"]
[EventType "swiss"]
[EventRounds "11"]
[EventCountry "SER"]
[Source "lmi"]
[SourceDate "2013.07.22"]

1. e4 c5 2. Nf3 e6 3. d4 d5 4. e5 Nc6 5. c3 Bd7 6. a3 f6 7. Bd3 Qb6 8. exf6
Nxf6 9. O-O cxd4 10. cxd4 Bd6 11. Nc3 O-O 12. Bc2 Rae8 13. b4 a6 14. Bg5 Ne7
15. Qd3 Ng6 16. Rfe1 Qc7 17. Rac1 Qb8 18. g3 Bc6 19. Qe2 e5 20. Bxg6 hxg6 21.
Nxe5 Bxe5 22. dxe5 Ne4 23. Nxe4 dxe4 24. Rxc6 bxc6 25. Qc4+ Rf7 26. e6 Rf5 27.
e7+ Kh7 28. h4 Qa7 29. Re3 Qd7 30. Qxe4 Rd5 31. Kh2 a5 32. Rf3 axb4 33. axb4
Rf5 34. Rd3 Rd5 35. Rc3 Ra8 36. Be3 Re8 37. Bc5 Qf5 38. Qg2 Qf6 39. Rf3 Rf5 40.
Rd3 Qe6 41. Ra3 Qe2 42. Ra7 Rf6 43. Rc7 Rf3 44. Rd7 Rf6 45. Kg1 Qe1+ 46. Qf1
Qe6 47. Qa1 Rf5 48. Rd8 Rxe7 49. Bxe7 Qxe7 50. Qd4 Rb5 51. Rd6 Qe1+ 52. Kg2
Rxb4 53. Qd3 Qe8 54. h5 Rg4 55. f4 c5 56. Kf3 c4 57. Qc2 Qe7 58. hxg6+ 1-0

[Event "Europa ch Femenino 2013"]
[Site "Belgrado SER"]
[Date "2013.07.31"]
[Round "8.42"]
[White "Cherednichenko, Elena"]
[Black "Kursova, Maria"]
[Result "0-1"]
[WhiteElo "2167"]
[BlackElo "2351"]
[PlyCount "112"]
[EventDate "2013.07.23"]
[EventType "swiss"]
[EventRounds "11"]
[EventCountry "SER"]
[Source "lmi"]
[SourceDate "2013.07.22"]

1. d4 Nf6 2. Nf3 b6 3. e3 Bb7 4. Bd3 g6 5. O-O Bg7 6. c4 O-O 7. Nc3 d5 8. cxd5
Nxd5 9. e4 Nxc3 10. bxc3 c5 11. Be3 cxd4 12. cxd4 Nc6 13. Be2 e6 14. Rb1 Qd6
15. Qd2 Rfd8 16. Rfd1 Na5 17. Bd3 Qa3 18. Qe2 Rac8 19. Bc1 Qd6 20. Bg5 Re8 21.
Bb5 Bc6 22. Ba6 Ba4 23. Rd2 Rc7 24. g3 Rc3 25. Bf4 Qa3 26. Rd3 Rxd3 27. Bxd3
Nc6 28. Bc1 Qd6 29. e5 Qd7 30. Qe4 Na5 31. Qh4 Bc6 32. Ng5 h6 33. Ne4 g5 34.
Qg4 Rd8 35. Nd6 Nb7 36. Ba3 Nxd6 37. Bxd6 Ba8 38. Be4 Qa4 39. Bxa8 Rxa8 40. Rb2
Rc8 41. Qe4 Qd1+ 42. Kg2 Bf8 43. Bxf8 Rc1 44. Qe2 Qh1+ 45. Kh3 Kxf8 46. Rc2
Rxc2 47. Qxc2 h5 48. Qe2 g4+ 49. Kh4 Qxh2+ 50. Kg5 Kg7 51. d5 Qh1 52. d6 Qd5
53. Kh4 f6 54. Kxh5 f5 55. Qe1 Qa8 56. Kg5 Qh8 0-1

[Event "Europa ch Femenino 2013"]
[Site "Belgrado SER"]
[Date "2013.07.31"]
[Round "8.43"]
[White "Vega Gutierrez, Belinda"]
[Black "Videnova, Iva"]
[Result "1/2-1/2"]
[WhiteElo "2148"]
[BlackElo "2301"]
[PlyCount "143"]
[EventDate "2013.07.23"]
[EventType "swiss"]
[EventRounds "11"]
[EventCountry "SER"]
[Source "lmi"]
[SourceDate "2013.07.22"]

1. e4 c5 2. Ne2 Nf6 3. Nbc3 d6 4. d4 cxd4 5. Nxd4 g6 6. Bc4 Bg7 7. h3 Nc6 8.
Nf3 O-O 9. O-O Na5 10. Bb3 b6 11. Re1 Bb7 12. Bg5 Nxb3 13. axb3 h6 14. Bh4 Nd7
15. Nd4 Nc5 16. b4 Na6 17. Nd5 g5 18. Nf5 e6 19. Nde7+ Kh7 20. Qg4 Bf6 21. Bxg5
Bxg5 22. h4 exf5 23. Nxf5 Rg8 24. hxg5 Rxg5 25. Qh3 Qf6 26. Rad1 Bc8 27. f4 Rg7
28. Qf3 Bxf5 29. exf5 Rag8 30. Re2 Qxf5 31. Rd5 Qf6 32. Qd3+ Kh8 33. Qxa6 Qxf4
34. Qd3 Qc1+ 35. Qd1 Qxd1+ 36. Rxd1 Rg6 37. Ra1 Ra8 38. Re7 Rc8 39. c3 Rcg8 40.
Re2 Ra8 41. Re7 Kg7 42. Raxa7 Rxa7 43. Rxa7 Rg5 44. Rd7 Rd5 45. c4 Rd1+ 46. Kh2
Rd4 47. b5 Kf6 48. b3 Rd3 49. Rb7 Rxb3 50. Rxb6 Ke5 51. Rc6 f5 52. b6 f4 53. c5
dxc5 54. Rxc5+ Kf6 55. Rc6+ Kg5 56. Rd6 h5 57. Rc6 h4 58. Rd6 Kg4 59. Rg6+ Kf5
60. Rh6 Kg5 61. Rc6 Rb1 62. Rd6 Rb2 63. Kg1 h3 64. gxh3 Kh4 65. Rg6 Kxh3 66.
Kf1 Kh4 67. Kg1 Kh5 68. Rg8 Rxb6 69. Kf2 Rg6 70. Rxg6 Kxg6 71. Kf3 Kf5 72. Kf2
1/2-1/2

[Event "Europa ch Femenino 2013"]
[Site "Belgrado SER"]
[Date "2013.07.31"]
[Round "8.44"]
[White "Ozturk, Kubra"]
[Black "Folkova, Martina"]
[Result "1-0"]
[WhiteElo "2293"]
[BlackElo "2189"]
[PlyCount "87"]
[EventDate "2013.07.23"]
[EventType "swiss"]
[EventRounds "11"]
[EventCountry "SER"]
[Source "lmi"]
[SourceDate "2013.07.22"]

1. d4 d5 2. c4 e6 3. Nf3 c6 4. Nbd2 Nf6 5. Qc2 c5 6. dxc5 Bxc5 7. cxd5 Qc7 8.
e3 Nxd5 9. Bc4 Be7 10. Nd4 a6 11. Qb3 Nb6 12. Bd3 Bd7 13. Qd1 g6 14. O-O e5 15.
N4f3 O-O 16. Qe2 Bc6 17. b3 N8d7 18. Bb2 Bf6 19. Rac1 Rfe8 20. e4 Rac8 21. Rfd1
Nf8 22. a4 Ne6 23. Qe3 Nf4 24. Bf1 Bg7 25. g3 Ne6 26. a5 Nd7 27. Nc4 Red8 28.
b4 Ba4 29. Rd2 Qb8 30. Bh3 Ndf8 31. Rxd8 Rxd8 32. Bxe5 Bxe5 33. Ncxe5 Rd1+ 34.
Rxd1 Bxd1 35. Qd2 Ba4 36. Qa2 Be8 37. Ng4 Nd7 38. Qb2 h5 39. Nh6+ Kh7 40. Bxe6
fxe6 41. Ng5+ Kxh6 42. Qh8+ Kxg5 43. f4+ Kg4 44. Kg2 1-0

[Event "Europa ch Femenino 2013"]
[Site "Belgrado SER"]
[Date "2013.07.31"]
[Round "8.45"]
[White "Franciskovic, Borka"]
[Black "Baraeva, Marina"]
[Result "1/2-1/2"]
[WhiteElo "2277"]
[BlackElo "2185"]
[PlyCount "85"]
[EventDate "2013.07.23"]
[EventType "swiss"]
[EventRounds "11"]
[EventCountry "SER"]
[Source "lmi"]
[SourceDate "2013.07.22"]

1. c4 e5 2. g3 Nf6 3. Bg2 d5 4. cxd5 Nxd5 5. Nf3 Nc6 6. O-O Be7 7. d4 exd4 8.
Nxd4 Nxd4 9. Qxd4 Nf6 10. Qa4+ c6 11. Rd1 Bd7 12. Nc3 O-O 13. Bg5 Qe8 14. Qb3
b6 15. Rac1 Rc8 16. e4 c5 17. h3 Bc6 18. Be3 c4 19. Qxc4 Bxe4 20. Qa6 Bxg2 21.
Kxg2 Bc5 22. Bxc5 Rxc5 23. Qe2 Qc6+ 24. Qf3 Qxf3+ 25. Kxf3 Rfc8 26. Rd4 g6 27.
Re1 R8c7 28. Re2 Kg7 29. a4 a6 30. Rd6 Rb7 31. Kg2 Rc4 32. Re5 h5 33. h4 Ng4
34. Red5 Rb4 35. Rd2 Ne5 36. Nd5 Rxa4 37. Rxb6 Rd7 38. Rd1 Nc4 39. Rb8 Ra5 40.
Nc3 Rxd1 41. Nxd1 Rd5 42. Rc8 Rxd1 43. Rxc4 1/2-1/2

[Event "Europa ch Femenino 2013"]
[Site "Belgrado SER"]
[Date "2013.07.31"]
[Round "8.47"]
[White "Petrovic, Marija"]
[Black "Mamedjarova, Zeinab"]
[Result "0-1"]
[WhiteElo "2104"]
[BlackElo "2256"]
[PlyCount "108"]
[EventDate "2013.07.23"]
[EventType "swiss"]
[EventRounds "11"]
[EventCountry "SER"]
[Source "lmi"]
[SourceDate "2013.07.22"]

1. Nf3 Nf6 2. g3 c5 3. Bg2 g6 4. O-O Bg7 5. d3 O-O 6. e4 Nc6 7. Nbd2 d6 8. c3
Qc7 9. h3 h5 10. Nc4 d5 11. Bf4 Qd8 12. Nce5 Nxe5 13. Nxe5 Be6 14. Qe2 c4 15.
exd5 Nxd5 16. Bc1 cxd3 17. Nxd3 Qc8 18. Kh2 h4 19. Ne5 a5 20. Re1 Ra6 21. Nf3
hxg3+ 22. fxg3 Nf6 23. Be3 Bd5 24. Bd4 Re8 25. Qb5 Bc6 26. Qg5 a4 27. a3 b6 28.
Qh4 Qb7 29. Rf1 Ra5 30. g4 Rb5 31. Rab1 Be4 32. g5 Nh5 33. Rbe1 Bxf3 34. Rxf3
Rxb2 35. Rf2 Bxd4 36. cxd4 Qc7+ 37. Kg1 Rxf2 38. Qxf2 Nf4 39. Rf1 e5 40. dxe5
Nxg2 41. Kxg2 Rxe5 42. h4 Rf5 43. Qe2 Qc6+ 44. Kg3 Qd6+ 45. Kg4 Rxf1 46. Qxf1
Qxa3 47. Qf4 Qb3 48. Qb8+ Kh7 49. h5 Qe6+ 50. Kh4 gxh5 51. Kg3 Qg4+ 52. Kf2
Qxg5 53. Qxb6 Qf5+ 54. Kg3 Qg6+ 0-1

[Event "Europa ch Femenino 2013"]
[Site "Belgrado SER"]
[Date "2013.07.31"]
[Round "8.48"]
[White "Utiatskaja, Irina"]
[Black "Umudova, Nargiz"]
[Result "0-1"]
[WhiteElo "2047"]
[BlackElo "2253"]
[PlyCount "78"]
[EventDate "2013.07.23"]
[EventType "swiss"]
[EventRounds "11"]
[EventCountry "SER"]
[Source "lmi"]
[SourceDate "2013.07.22"]

1. e4 c6 2. d4 d5 3. Nc3 dxe4 4. Nxe4 Nd7 5. Bd3 Ngf6 6. Ng5 e6 7. N1f3 h6 8.
Ne4 Nxe4 9. Bxe4 Be7 10. Be3 Qb6 11. O-O Qxb2 12. Rb1 Qa3 13. Ne5 Nxe5 14. dxe5
Qa5 15. Qf3 O-O 16. Qg3 Kh8 17. Rb3 Rg8 18. Bd3 Qc7 19. Qh3 Bf8 20. Bf4 f5 21.
g4 c5 22. gxf5 c4 23. Rc3 b5 24. Be4 Bb7 25. Bxb7 Qxb7 26. Rg3 Qe4 27. Rg4 Qxf5
28. Qg2 Be7 29. Be3 Rad8 30. Kh1 Qxc2 31. Rg1 Qh7 32. Qb7 Ba3 33. Qxb5 c3 34.
Qb3 Bb2 35. Rg6 Rc8 36. Qc2 Rgd8 37. Qb3 c2 38. Qxb2 Rd1 39. Bc1 Qxg6 0-1

[Event "Europa ch Femenino 2013"]
[Site "Belgrado SER"]
[Date "2013.07.31"]
[Round "8.49"]
[White "Stjazhkina, Olga"]
[Black "Ibrahimova, Sabina"]
[Result "0-1"]
[WhiteElo "2243"]
[BlackElo "2168"]
[PlyCount "74"]
[EventDate "2013.07.23"]
[EventType "swiss"]
[EventRounds "11"]
[EventCountry "SER"]
[Source "lmi"]
[SourceDate "2013.07.22"]

1. e4 c5 2. Nf3 Nc6 3. d4 cxd4 4. Nxd4 g6 5. c4 Bg7 6. Be3 Nf6 7. Nc3 Ng4 8.
Qxg4 Nxd4 9. Qd1 Ne6 10. Qd2 O-O 11. Bd3 b6 12. O-O Bb7 13. Rae1 Rc8 14. Bh6 d6
15. Nd5 Nc5 16. Bxg7 Kxg7 17. Re3 e6 18. Nc3 d5 19. exd5 exd5 20. Rh3 h5 21.
Nxd5 Bxd5 22. cxd5 Qxd5 23. Qc3+ Kg8 24. Bc4 Qc6 25. Qe3 b5 26. Bb3 Nxb3 27.
Qxb3 Rfe8 28. Rc3 Qb6 29. Rxc8 Rxc8 30. h3 Rc4 31. Re1 Qc5 32. Re2 h4 33. Qe3
Rc1+ 34. Kh2 Qd6+ 35. Qe5 Qd1 36. Qe8+ Kg7 37. Qe5+ Kh7 0-1

[Event "Europa ch Femenino 2013"]
[Site "Belgrado SER"]
[Date "2013.07.31"]
[Round "8.50"]
[White "Gueci, Tea"]
[Black "Vojinovic, Jovana"]
[Result "1-0"]
[WhiteElo "2018"]
[BlackElo "2376"]
[PlyCount "83"]
[EventDate "2013.07.23"]
[EventType "swiss"]
[EventRounds "11"]
[EventCountry "SER"]
[Source "lmi"]
[SourceDate "2013.07.22"]

1. e4 e6 2. d4 b6 3. Nf3 Bb7 4. Nc3 Bb4 5. Bd3 Nf6 6. Qe2 d5 7. e5 Ne4 8. Bd2
Nxd2 9. Qxd2 Ba6 10. Bxa6 Nxa6 11. Qd3 Qc8 12. O-O Be7 13. a3 O-O 14. Ne2 c5
15. c3 c4 16. Qe3 Nc7 17. Nd2 Qd7 18. f4 f5 19. exf6 gxf6 20. Rf3 Bd6 21. Rh3
Rf7 22. Rf1 Re8 23. Nf3 Rg7 24. Ng3 Qf7 25. Nh5 Rg4 26. Ne5 fxe5 27. fxe5 Qxf1+
28. Kxf1 Be7 29. Qh6 a5 30. Nf6+ Bxf6 31. Qxh7+ Kf8 32. exf6 Nb5 33. Qh8+ Rg8
34. Qh6+ Kf7 35. Qh7+ Kxf6 36. Rh6+ Kg5 37. h4+ Kf4 38. Rf6+ Ke3 39. Rf3+ Kd2
40. Rf2+ Ke3 41. Qh6+ Ke4 42. Qf4+ 1-0

[Event "Europa ch Femenino 2013"]
[Site "Belgrado SER"]
[Date "2013.07.31"]
[Round "8.51"]
[White "Berke, Ana"]
[Black "Manakova, Maria"]
[Result "1/2-1/2"]
[WhiteElo "2145"]
[BlackElo "2351"]
[PlyCount "47"]
[EventDate "2013.07.23"]
[EventType "swiss"]
[EventRounds "11"]
[EventCountry "SER"]
[Source "lmi"]
[SourceDate "2013.07.22"]

1. e4 c5 2. Nf3 e6 3. c4 Nc6 4. Nc3 a6 5. Be2 Qc7 6. d4 cxd4 7. Nxd4 Nf6 8. Be3
Bb4 9. f3 O-O 10. O-O Bxc3 11. bxc3 d5 12. cxd5 exd5 13. Nxc6 bxc6 14. Bd4 Nh5
15. exd5 cxd5 16. Bd3 Nf4 17. Re1 Bd7 18. Qd2 Bb5 19. Bxb5 axb5 20. Be5 Qc5+
21. Bd4 Qc7 22. Be5 Qc5+ 23. Bd4 Qc7 24. Be5 1/2-1/2

[Event "Europa ch Femenino 2013"]
[Site "Belgrado SER"]
[Date "2013.07.31"]
[Round "8.52"]
[White "Todorovic, Violeta"]
[Black "Rogule, Laura"]
[Result "0-1"]
[WhiteElo "2117"]
[BlackElo "2329"]
[PlyCount "118"]
[EventDate "2013.07.23"]
[EventType "swiss"]
[EventRounds "11"]
[EventCountry "SER"]
[Source "lmi"]
[SourceDate "2013.07.22"]

1. Nf3 Nf6 2. c4 e6 3. g3 b6 4. Bg2 Bb7 5. d4 Be7 6. O-O O-O 7. Nc3 Ne4 8. Qc2
Nxc3 9. bxc3 Nc6 10. Rb1 Na5 11. c5 d6 12. c4 f5 13. d5 dxc5 14. Bd2 Nxc4 15.
Qxc4 Bxd5 16. Qa4 Bf6 17. Bf4 g5 18. Be3 Qe7 19. Rfd1 c6 20. Ne1 Rfd8 21. f4
gxf4 22. Bxf4 e5 23. Bh6 e4 24. Bh3 Qf7 25. Bf4 Bxa2 26. Rbc1 Bd5 27. e3 b5 28.
Qa6 Qh5 29. Bf1 Qf7 30. Rxc5 Rd7 31. Rdc1 Rb7 32. Nc2 b4 33. Rb1 b3 34. Ne1 Rb6
35. Qa5 Be7 36. Rcc1 b2 37. Rc2 Bb4 38. Qa4 Bb3 39. Qxb3 Qxb3 40. Bc4+ Qxc4 41.
Rxc4 Bxe1 42. Bc7 Rb3 43. Be5 Bd2 44. Rxc6 Bxe3+ 45. Kg2 a5 46. Rc7 Ra7 47.
Rc8+ Kf7 48. Rxb2 Rxb2+ 49. Bxb2 Rb7 50. Bc3 a4 51. Rh8 Ke6 52. Rf8 a3 53. Rf6+
Kd5 54. Rxf5+ Kc4 55. Ba1 Rb1 56. Bf6 Bd4 57. Bxd4 Kxd4 58. Ra5 Rb2+ 59. Kh3 a2
0-1

[Event "Europa ch Femenino 2013"]
[Site "Belgrado SER"]
[Date "2013.07.31"]
[Round "8.53"]
[White "Zakurdjaeva, Irina"]
[Black "Bokuchava, Madona"]
[Result "1-0"]
[WhiteElo "2291"]
[BlackElo "2109"]
[PlyCount "69"]
[EventDate "2013.07.23"]
[EventType "swiss"]
[EventRounds "11"]
[EventCountry "SER"]
[Source "lmi"]
[SourceDate "2013.07.22"]

1. e4 c5 2. Nf3 Nc6 3. Bb5 e6 4. Bxc6 bxc6 5. e5 f6 6. O-O fxe5 7. Nxe5 Nf6 8.
Re1 Be7 9. d3 O-O 10. Nc3 Rb8 11. Bf4 Rb4 12. Bg3 Ba6 13. b3 Qc8 14. a3 Rb7 15.
Nc4 Bxc4 16. dxc4 Rf7 17. Qe2 Qf8 18. Rad1 g6 19. Ne4 Nxe4 20. Qxe4 Qg7 21. Re3
Bf6 22. Rf3 Bb2 23. Rxf7 Qxf7 24. Bd6 Bd4 25. Rxd4 cxd4 26. Qh4 Qf5 27. Qd8+
Kg7 28. f4 d3 29. cxd3 Rxb3 30. Be5+ Kh6 31. h3 Rxd3 32. Qe7 Rd1+ 33. Kh2 g5
34. Qg7+ Kh5 35. g4+ 1-0

[Event "Europa ch Femenino 2013"]
[Site "Belgrado SER"]
[Date "2013.07.31"]
[Round "8.54"]
[White "Novkovic, Julia"]
[Black "Dolzhikova, Olga"]
[Result "1/2-1/2"]
[WhiteElo "2102"]
[BlackElo "2244"]
[PlyCount "125"]
[EventDate "2013.07.23"]
[EventType "swiss"]
[EventRounds "11"]
[EventCountry "SER"]
[Source "lmi"]
[SourceDate "2013.07.22"]

1. e4 d5 2. exd5 Qxd5 3. Nc3 Qa5 4. d4 Nf6 5. Bc4 Bg4 6. f3 Bd7 7. Nge2 e6 8.
Be3 Be7 9. Qd2 Bb4 10. O-O c5 11. a3 Bxc3 12. Nxc3 cxd4 13. Bxd4 O-O 14. Bxf6
gxf6 15. b4 Qg5 16. f4 Qh4 17. Rf3 e5 18. Rg3+ Kh8 19. Qd6 Rd8 20. Qe7 Nc6 21.
Qxf7 Qh6 22. Nd5 exf4 23. Rc3 Ne5 24. Qe7 Qg7 25. Qxg7+ Kxg7 26. Be2 Rac8 27.
Rxc8 Rxc8 28. Rc1 Nc4 29. Nxf4 Nxa3 30. c4 a5 31. bxa5 Ra8 32. Bf3 Bc6 33. Bxc6
bxc6 34. Rd1 Rxa5 35. Rd6 Nxc4 36. Rxc6 Ne5 37. Rc1 Ra2 38. h3 Ra7 39. Rf1 Ra6
40. Kh2 Rb6 41. Ra1 Rb7 42. Ra6 Kf7 43. Ra3 Ng6 44. Nh5 Rb5 45. Ra7+ Ne7 46.
Nf4 Rc5 47. g4 Rb5 48. Kg3 Rb3+ 49. Kf2 Rb2+ 50. Ke3 Rb3+ 51. Nd3 Rb5 52. Ke4
h5 53. Kf4 Rd5 54. Nf2 hxg4 55. Kxg4 Rg5+ 56. Kf4 Rf5+ 57. Kg3 Rg5+ 58. Kf4
Rf5+ 59. Ke3 Re5+ 60. Kf3 Rf5+ 61. Kg2 Ke6 62. Ra6+ Kf7 63. Ra7 1/2-1/2

[Event "Europa ch Femenino 2013"]
[Site "Belgrado SER"]
[Date "2013.07.31"]
[Round "8.55"]
[White "Coimbra, Margarida"]
[Black "Kaps, Darja"]
[Result "0-1"]
[WhiteElo "2093"]
[BlackElo "2235"]
[PlyCount "110"]
[EventDate "2013.07.23"]
[EventType "swiss"]
[EventRounds "11"]
[EventCountry "SER"]
[Source "lmi"]
[SourceDate "2013.07.22"]

1. e4 c5 2. c3 d5 3. exd5 Qxd5 4. d4 Nf6 5. Nf3 Bg4 6. Be2 cxd4 7. cxd4 e6 8.
O-O Nc6 9. Nc3 Qd7 10. Ne5 Bxe2 11. Nxd7 Bxd1 12. Nxf6+ gxf6 13. Rxd1 O-O-O 14.
Be3 Bb4 15. d5 Bxc3 16. dxc6 Be5 17. cxb7+ Kxb7 18. Rab1 f5 19. f4 Bc7 20. b4
Rd5 21. Rxd5 exd5 22. Rd1 Re8 23. Kf2 Rd8 24. g3 a6 25. Bd4 Re8 26. Be3 Kc6 27.
Rc1+ Kd7 28. Rd1 Kc6 29. Rc1+ Kd6 30. Bc5+ Kd7 31. Rd1 Kc6 32. a4 Re4 33. Rc1
Kd7 34. Rd1 Ke6 35. Re1 h5 36. h3 Kd7 37. Rxe4 dxe4 38. Ke3 Ke6 39. g4 fxg4 40.
hxg4 hxg4 41. Kxe4 f5+ 42. Kd4 Bxf4 43. b5 Be5+ 44. Kc4 axb5+ 45. Kxb5 Bc3 46.
a5 Bxa5 47. Kxa5 Kd5 48. Kb4 f4 49. Bb6 Ke4 50. Kc3 Kf3 51. Bc7 Ke3 52. Bb6+
Ke2 53. Kd4 f3 54. Ke4 g3 55. Kf4 f2 0-1

[Event "Europa ch Femenino 2013"]
[Site "Belgrado SER"]
[Date "2013.07.31"]
[Round "8.56"]
[White "Imeeva, Aisa"]
[Black "Benderac, Ana"]
[Result "1/2-1/2"]
[WhiteElo "2079"]
[BlackElo "2225"]
[PlyCount "150"]
[EventDate "2013.07.23"]
[EventType "swiss"]
[EventRounds "11"]
[EventCountry "SER"]
[Source "lmi"]
[SourceDate "2013.07.22"]

1. e4 d6 2. d4 e5 3. Nf3 exd4 4. Nxd4 Nf6 5. Nc3 Be7 6. Bc4 O-O 7. Bb3 Na6 8.
O-O Nc5 9. Qf3 Nxb3 10. axb3 a6 11. h3 c6 12. Bf4 d5 13. e5 Ne8 14. Rfe1 Nc7
15. Bg3 Be6 16. Nf5 Bxf5 17. Qxf5 Qc8 18. Qd3 Ne6 19. f4 f5 20. Kh1 Qe8 21. Ne2
Bc5 22. Bh2 Qh5 23. c3 Rae8 24. b4 Bb6 25. Rf1 g6 26. Rad1 Rf7 27. c4 dxc4 28.
Qxc4 Qh4 29. Rd6 Qe7 30. Rfd1 Bc7 31. R6d3 Bb6 32. Nc3 h6 33. Na4 Ba7 34. Nc3
Kh7 35. Qb3 Rg7 36. g3 Rd8 37. Rxd8 Nxd8 38. Ne2 c5 39. bxc5 Bxc5 40. Nc3 Nc6
41. Nd5 Qf7 42. Nf6+ Kh8 43. Qc3 Bb4 44. Qf3 Be7 45. Nd5 Qe6 46. Bg1 Bd8 47.
Bc5 g5 48. Qh5 gxf4 49. gxf4 Qg6 50. Qxg6 Rxg6 51. Ne3 Be7 52. Bxe7 Nxe7 53.
Kh2 Rb6 54. Rd7 Rxb2+ 55. Kg3 Rb3 56. Kf3 Ng6 57. e6 Kg8 58. Kf2 Rb4 59. Nd5
Rb2+ 60. Ke1 Kf8 61. Nf6 Ne7 62. Rd8+ Kg7 63. Ne8+ Kg6 64. Rd7 Nc6 65. Rg7+ Kh5
66. Nd6 Rb4 67. Rc7 a5 68. Nxf5 Rxf4 69. Ng7+ Kh4 70. Kd2 Re4 71. Rxb7 Kxh3 72.
Rc7 Nb4 73. Rc3+ Kg2 74. Ra3 Nc6 75. Rc3 Nb4 1/2-1/2

[Event "Europa ch Femenino 2013"]
[Site "Belgrado SER"]
[Date "2013.07.31"]
[Round "8.57"]
[White "Eric, Jovana"]
[Black "Vrabic, Anita"]
[Result "1-0"]
[WhiteElo "2223"]
[BlackElo "2112"]
[PlyCount "89"]
[EventDate "2013.07.23"]
[EventType "swiss"]
[EventRounds "11"]
[EventCountry "SER"]
[Source "lmi"]
[SourceDate "2013.07.22"]

1. e4 c5 2. Nf3 Nc6 3. d4 cxd4 4. Nxd4 Nf6 5. Nc3 d6 6. Bg5 e6 7. Qd2 Be7 8. f3
O-O 9. O-O-O h6 10. Be3 a6 11. g4 Nd7 12. h4 Nxd4 13. Qxd4 Ne5 14. Be2 b5 15.
f4 Nc6 16. Qd2 b4 17. Na4 Rb8 18. g5 Qa5 19. b3 Rd8 20. gxh6 g6 21. h5 Kh7 22.
hxg6+ fxg6 23. Bd3 Bf6 24. Qf2 Rf8 25. Bb6 Rxb6 26. Qxb6 Qxb6 27. Nxb6 Bd4 28.
Nxc8 Rxc8 29. Kb1 a5 30. f5 e5 31. fxg6+ Kxg6 32. Bc4 Rh8 33. Rdf1 Be3 34. Bf7+
Kg5 35. Rf5+ Kg4 36. h7 Nd4 37. Rf6 Nb5 38. Rg6+ Kf3 39. c4 bxc3 40. Kc2 Kxe4
41. Rg8 Kd4 42. Rxh8 Na3+ 43. Kd1 c2+ 44. Ke2 Nb1 45. Rc8 1-0

[Event "Europa ch Femenino 2013"]
[Site "Belgrado SER"]
[Date "2013.07.31"]
[Round "8.60"]
[White "Shulakova, Svetlana"]
[Black "Zarkovic, Mila"]
[Result "0-1"]
[WhiteElo "2194"]
[BlackElo "2070"]
[PlyCount "130"]
[EventDate "2013.07.23"]
[EventType "swiss"]
[EventRounds "11"]
[EventCountry "SER"]
[Source "lmi"]
[SourceDate "2013.07.22"]

1. d4 Nf6 2. c4 e6 3. Nf3 Bb4+ 4. Bd2 Qe7 5. Nc3 Bxc3 6. Bxc3 Ne4 7. Qc2 f5 8.
e3 b6 9. Be2 Bb7 10. O-O O-O 11. Be1 d6 12. Nd2 Qg5 13. Bf3 Qg6 14. Nxe4 fxe4
15. Be2 Nd7 16. b4 Rf5 17. a4 c5 18. Bc3 cxd4 19. Bxd4 Raf8 20. Bc3 Rg5 21. g3
h5 22. Qd2 e5 23. a5 h4 24. Kg2 Rf3 25. Qe1 Qf5 26. axb6 Nf6 27. Rxa7 hxg3 28.
fxg3 Rh5 29. h4 Rxh4 30. Rh1 Rxh1 31. Kxh1 Qh3+ 32. Kg1 Rxg3+ 33. Qxg3 Qxg3+
34. Kf1 Qh3+ 35. Kf2 Qc8 36. b5 Qb8 37. Bb4 Nd7 38. Ba5 Bc8 39. Rc7 Nc5 40. Re7
Kf8 41. Rc7 Be6 42. Ke1 Kg8 43. Re7 Bd7 44. Bh5 Qf8 45. b7 Nxb7 46. Rxd7 Nxa5
47. b6 Qb8 48. Bg6 Qxb6 49. Kf2 Nxc4 50. Bf7+ Kh7 51. Bxc4 Qc6 52. Be6 Kg6 53.
Bg4 Kf6 54. Rd8 g6 55. Be2 d5 56. Bg4 d4 57. Rc8 Qb5 58. Rd8 Qb2+ 59. Ke1 Qc3+
60. Kf1 Qxe3 61. Be2 d3 62. Bd1 Kg5 63. Re8 Qf4+ 64. Ke1 e3 65. Bf3 Qg3+ 0-1

[Event "Europa ch Femenino 2013"]
[Site "Belgrado SER"]
[Date "2013.07.31"]
[Round "8.61"]
[White "Korchagina, Viktoria"]
[Black "Petrukhina, Irina"]
[Result "1-0"]
[WhiteElo "2068"]
[BlackElo "2190"]
[PlyCount "47"]
[EventDate "2013.07.23"]
[EventType "swiss"]
[EventRounds "11"]
[EventCountry "SER"]
[Source "lmi"]
[SourceDate "2013.07.22"]

1. e4 c5 2. Nf3 Nc6 3. d4 cxd4 4. Nxd4 Nf6 5. Nc3 d6 6. Bg5 e6 7. Qd2 Be7 8.
O-O-O O-O 9. f4 Nxd4 10. Qxd4 Qa5 11. Bc4 Bd7 12. Rhf1 b5 13. e5 dxe5 14. fxe5
bxc4 15. Bxf6 Ba3 16. Qg4 g6 17. Qh3 Rfb8 18. bxa3 Qxa3+ 19. Kd2 h5 20. Qe3 Kh7
21. g4 hxg4 22. Qg5 Qf8 23. Be7 Qg7 24. Ne4 1-0

[Event "Europa ch Femenino 2013"]
[Site "Belgrado SER"]
[Date "2013.07.31"]
[Round "8.62"]
[White "Blagojevic, Tijana"]
[Black "Drljevic, Ljilja"]
[Result "1/2-1/2"]
[WhiteElo "2058"]
[BlackElo "2187"]
[PlyCount "153"]
[EventDate "2013.07.23"]
[EventType "swiss"]
[EventRounds "11"]
[EventCountry "SER"]
[Source "lmi"]
[SourceDate "2013.07.22"]

1. e4 d5 2. exd5 Qxd5 3. Nc3 Qd8 4. d4 Nf6 5. Bc4 a6 6. Nf3 b5 7. Bb3 c5 8.
dxc5 Qxd1+ 9. Nxd1 Bb7 10. a4 b4 11. c3 bxc3 12. Nxc3 Nbd7 13. Be3 e6 14. Bc2
Nxc5 15. O-O a5 16. Nb5 Rc8 17. Rac1 Nd5 18. Bd2 Nb4 19. Bf4 f6 20. Nd6+ Bxd6
21. Bxd6 Nxc2 22. Rxc2 Nxa4 23. Rxc8+ Bxc8 24. b3 Kd7 25. Bf4 Nc5 26. Ra1 Bb7
27. Rxa5 Nxb3 28. Rb5 Bd5 29. Rb4 Ra8 30. h3 Ra1+ 31. Kh2 Nc5 32. Rb8 e5 33.
Be3 Ne6 34. Rh8 h6 35. Nh4 Be4 36. Rb8 h5 37. Rb4 Bd3 38. Rb3 Rd1 39. Rb2 Kd6
40. Rd2 Rxd2 41. Bxd2 g5 42. Nf3 e4 43. Ne1 f5 44. h4 g4 45. g3 Nd4 46. Bb4+
Kd5 47. Ng2 e3 48. Nxe3+ Ke4 49. Ng2 Nf3+ 50. Kh1 Kd4 51. Nf4 Be4 52. Nxh5 Kc4
53. Ba5 Nxh4+ 54. Kg1 Nf3+ 55. Kf1 Bd3+ 56. Kg2 Kb3 57. Nf4 Bc4 58. Nh5 Ba6 59.
Nf4 Kc2 60. Bb4 Kd1 61. Ba5 Ng5 62. Bb4 Bb7+ 63. Kg1 Bf3 64. Ba5 Nf7 65. Bb4
Nd8 66. Ba5 Nc6 67. Bc3 Kc2 68. Bf6 Kd2 69. Kf1 Be4 70. Bg5 Kd1 71. Bf6 Nb4 72.
Bc3 Na2 73. Ba5 Nc1 74. Bb4 Na2 75. Ba5 Nc1 76. Bb4 Na2 77. Ba5 1/2-1/2